Movie/TV marketing.

Bibliographic Details
Previous Title:Movie marketing
Format: Journal
Language:English
Published: Tokyo : G.F. Ireton, [1966-]
Subjects:

MARC

Tag First Indicator Second Indicator Subfields
LEADER 00000cas a2200000 a 4500
001 in00000423939
005 20151012062516.0
008 800403c19669999ja mr p 0uuua0eng d
019 |a 6169809 
035 |a (OCoLC)06166375 
035 |9 ABV7855AM 
040 |a CLU  |c CLU  |d NYS  |d OCL  |d IUL  |d TXA  |d UtOrBLW 
049 |a TXAE 
090 |a PN1993  |b .M868 
245 0 0 |a Movie/TV marketing. 
246 3 |a Movie television marketing 
264 1 |a Tokyo :  |b G.F. Ireton,  |c [1966-] 
300 |a volumes :  |b illustrations ;  |c 36 cm. 
310 |a Monthly 
336 |a text  |b txt  |2 rdacontent 
337 |a unmediated  |b n  |2 rdamedia 
338 |a volume  |b nc  |2 rdacarrier 
362 0 |a Vol. 20, no. 8 (Feb. 1966)- 
500 |a One issue each year called: Annual worldwide TV survey, <1985-> 
500 |a One issue each year called: Motion picture year book, <1985-> 
500 |a Title from masthead. 
650 0 |a Motion pictures  |x Distribution  |x Periodicals. 
650 0 |a Television broadcasting of films  |x Periodicals. 
730 0 |a Annual worldwide TV survey. 
730 0 |a Motion picture year book. 
780 0 0 |t Movie marketing  |w (OCoLC)6169820 
999 |a MARS 
999 f f |s a3a0abde-f5fa-3f39-a145-446a0460df6a  |i 26c019cc-c70e-3991-aac0-4782ce062ce6  |t 0 
952 f f |p serial  |a Texas A&M University  |b College Station  |c Sterling C. Evans Library  |d Evans: Library Stacks  |t 0  |e PN1993 .M868  |h Library of Congress classification  |i unmediated -- volume  |k v.23:no.1-6  |l 1968  |m A14842444714 
952 f f |p serial  |a Texas A&M University  |b College Station  |c Sterling C. Evans Library  |d Evans: Library Stacks  |t 0  |e PN1993 .M868  |h Library of Congress classification  |i unmediated -- volume  |k v.22:no.7-12  |l 1968  |m A14842444839 
952 f f |p serial  |a Texas A&M University  |b College Station  |c Sterling C. Evans Library  |d Evans: Library Stacks  |t 0  |e PN1993 .M868  |h Library of Congress classification  |i unmediated -- volume  |k v.24:no.7-12  |l 1970  |m A14842444961 
952 f f |p serial  |a Texas A&M University  |b College Station  |c Sterling C. Evans Library  |d Evans: Library Stacks  |t 0  |e PN1993 .M868  |h Library of Congress classification  |i unmediated -- volume  |k v.26:no.6-10  |l 1971/1972  |m A14842444482 
952 f f |p serial  |a Texas A&M University  |b College Station  |c Sterling C. Evans Library  |d Evans: Library Stacks  |t 0  |e PN1993 .M868  |h Library of Congress classification  |i unmediated -- volume  |k v.21:no.8-12  |l 1967  |m A14842444946 
952 f f |p serial  |a Texas A&M University  |b College Station  |c Sterling C. Evans Library  |d Evans: Library Stacks  |t 0  |e PN1993 .M868  |h Library of Congress classification  |i unmediated -- volume  |k v.22:no.1-6  |l 1967  |m A14842444953 
952 f f |p serial  |a Texas A&M University  |b College Station  |c Sterling C. Evans Library  |d Evans: Library Stacks  |t 0  |e PN1993 .M868  |h Library of Congress classification  |i unmediated -- volume  |k v.23:no.7-12  |l 1969  |m A14842444599 
952 f f |p serial  |a Texas A&M University  |b College Station  |c Sterling C. Evans Library  |d Evans: Library Stacks  |t 0  |e PN1993 .M868  |h Library of Congress classification  |i unmediated -- volume  |k v.25:no.7-12  |l 1971  |m A14842444722 
952 f f |p serial  |a Texas A&M University  |b College Station  |c Sterling C. Evans Library  |d Evans: Library Stacks  |t 0  |e PN1993 .M868  |h Library of Congress classification  |i unmediated -- volume  |k v.25:no.1-6  |l 1970  |m A14842444847 
952 f f |p serial  |a Texas A&M University  |b College Station  |c Sterling C. Evans Library  |d Evans: Library Stacks  |t 0  |e PN1993 .M868  |h Library of Congress classification  |i unmediated -- volume  |k v.26:no.1-5  |l 1971  |m A14842444607 
952 f f |p serial  |a Texas A&M University  |b College Station  |c Sterling C. Evans Library  |d Evans: Library Stacks  |t 0  |e PN1993 .M868  |h Library of Congress classification  |i unmediated -- volume  |k v.24:no.1-6  |l 1969  |m A14842444474 
998 f f |a PN1993 .M868  |s v.22-26 (1967/1968-1971/1972)  |t 0  |l Evans: Library Stacks